Los estoicos y el problema de la libertad.
Guardado en:
| Autor principal: | |
|---|---|
| Formato: | Libro |
| Publicado: |
México, D.F., México:
Universidad Nacional Autónoma de México; Instituto de Investigaciones Filosóficas,
2009.
|
| Colección: | Estudios clásicos.
|
| Materias: | |
| Etiquetas: |
Agregar Etiqueta
Sin Etiquetas, Sea el primero en etiquetar este registro!
|
MARC
| LEADER | 00000nam a22000007a 4500 | ||
|---|---|---|---|
| 003 | CL-VaPUC | ||
| 005 | 20220822114745.0 | ||
| 008 | 220728t2009 ||||| |||| 00| 0 eng d | ||
| 999 | |c 437745 |d 437743 | ||
| 020 | |a 978-970-32-3428-8 | ||
| 040 | |c Pontificia Universidad Católica de Valparaíso | ||
| 082 | 7 | |a 188 SEL 2009 |2 22 | |
| 100 | |a Salles, Ricardo |9 581058 |e autor | ||
| 245 | 1 | 4 | |a Los estoicos y el problema de la libertad. |
| 260 | |a México, D.F., México: |b Universidad Nacional Autónoma de México; |b Instituto de Investigaciones Filosóficas, |c 2009. | ||
| 300 | |a 192 páginas. | ||
| 490 | |a Estudios clásicos. | ||
| 500 | |a c.1 Donación Familia Prof. Alejandro Guzmán Brito. | ||
| 583 | |c 20220728 |k Cristina María Rojas Aguilar | ||
| 650 | |a Estoicismo |9 874329 | ||
| 650 | |a LIbertad |x Filosofía |9 874330 | ||
| 942 | |2 ddc |c BK |n 0 | ||
| 952 | |0 0 |1 0 |2 ddc |4 0 |6 188_000000000000000_SEL_2009 |7 1 |8 C_AGB |9 585542 |a BIBDER |b BIBDER |d 2022-07-28 |e Donación |i 5653520 |o 188 SEL 2009 |p 5653520 |r 2023-01-25 |t 1 |w 2022-07-28 |y BK_US |k AGB | ||